Statistics for WWE superstars by picture #3

Click here to take the quiz!

General Stats

  • This quiz has been taken 572 times
  • The average score is 13 of 20

Answer Stats

Answer% Correct
Brock Lesnar
98%
Randy Orton
98%
Becky Lynch
86%
Shawn Michaels
86%
The Great Khali
85%
Booker T
84%
Chyna
75%
Bayley
74%
Jake "the Snake" Roberts
70%
Natalya
69%
Roddy Piper
65%
Chad Gable
63%
Yokozuna
60%
Tommy Dreamer
55%
Davey Boy Smith
51%
Emma
48%
Kairi Sane
45%
Andrade Cien Almas
44%
Jeff Jarrett
38%
Marty Jannetty
31%

Score Distribution

Percentile by Number Answered

Percent of People with Each Score

Your Score History

You have not taken this quiz